Normal view
MARC view
- REBER,S.ARTHUR
Entry Personal Name
001 - CONTROL NUMBER
- control field: 133611
003 - CONTROL NUMBER IDENTIFIER
- control field: NUST
005 - DATE AND TIME OF LATEST TRANSACTION
- control field: 20260309140013.0
008 - FIXED-LENGTH DATA ELEMENTS
- fixed length control field: 260309|| aca||aabn | a|a d
040 ## - CATALOGING SOURCE
- Original cataloging agency: NUST
- Transcribing agency: NUST
100 ## - HEADING--PERSONAL NAME
- Personal name: REBER,S.ARTHUR
670 ## - SOURCE DATA FOUND
- Source citation: Work cat.: (NUST): REBER,S.ARTHUR., THE PENGUIN DICTIONARY OF PSYCHOLOGY /, 1985.
